Catálogo
 En Linea

Discurso de orden pronunciado en la decimoseptima promoción de bachilleres agricolas, 1o de agosto de 1982 / (Registro nro. 28872)

Detalles MARC
000 -CABECERA
campo de control de longitud fija 00698nam a2200169 a 4500
001 - NÚMERO DE CONTROL
campo de control 000029380
005 - FECHA Y HORA DE LA ÚLTIMA TRANSACCIÓN
campo de control 20240226144733.0
008 - DATOS DE LONGITUD FIJA--INFORMACIÓN GENERAL
campo de control de longitud fija 110415s1982 dr 000 0 spa d
040 ## - FUENTE DE LA CATALOGACIÓN
Centro catalogador/agencia de origen DO-SdBNP
Lengua de catalogación spa
Centro/agencia transcriptor BNPHU
082 ## - NÚMERO DE LA CLASIFICACIÓN DECIMAL DEWEY
Número de clasificación xxx
Número de documento/Ítem J82d
049 ## - FONDOS LOCALES (OCLC)
Fondos de biblioteca BNPD
100 1# - ENTRADA PRINCIPAL--NOMBRE DE PERSONA
Nombre de persona Jorge Blanco, Salvador,
Fechas asociadas al nombre 1926-2010
9 (RLIN) 30551
245 10 - MENCIÓN DE TÍTULO
Título Discurso de orden pronunciado en la decimoseptima promoción de bachilleres agricolas, 1o de agosto de 1982 /
Mención de responsabilidad, etc. Salvador Jorge Blanco ; con una presentación a cargo del Lic. Victor M. Espaillat Mera.
260 ## - PUBLICACIÓN, DISTRIBUCIÓN, ETC.
Lugar de publicación, distribución, etc. Santo Domingo :
Nombre del editor, distribuidor, etc. Instituto Superior de Agricultura,
-- Editora Taller,
Fecha de publicación, distribución, etc. 1982.
300 ## - DESCRIPCIÓN FÍSICA
Extensión 38 p.
-- 20 cm.
700 1# - PUNTO DE ACCESO ADICIONAL--NOMBRE DE PERSONA
Nombre de persona Victor M. Espaillat Mera, Victor M.
9 (RLIN) 56260
Existencias
Estado de retiro Estado de pérdida No para préstamo Código de colección Localización permanente Ubicación/localización actual Ubicación en estantería Fecha de adquisición Número de inventario Total de préstamos Signatura topográfica completa Código de barras Fecha visto por última vez Precio válido a partir de Tipo de ítem Koha
      Patrimonio Dominicano Patrimonio Dominicano Patrimonio Dominicano Orden iniciada 15.04.2011 LF1   xxx J82d 29380-10 25.06.2020 25.06.2020 Libro y Folleto Colección Patrimonio Dominicano

Con tecnología Koha